Normal view
MARC view
- الارشاد النفسي-التوجيه النفسي
Entry Topical Term
001 - CONTROL NUMBER
- control field: 31505
003 - CONTROL NUMBER IDENTIFIER
- control field: JO-AjAnu
005 - DATE AND TIME OF LATEST TRANSACTION
- control field: 20230606075314.0
008 - FIXED-LENGTH DATA ELEMENTS
- fixed length control field: 230606|| aca||aabn | a|a d
040 ## - CATALOGING SOURCE
- Original cataloging agency: JO-AjAnu
- Transcribing agency: JO-AjAnu
150 ## - HEADING--TOPICAL TERM
- Topical term or geographic name entry element: الارشاد النفسي-التوجيه النفسي
670 ## - SOURCE DATA FOUND
- Source citation: Work cat.: (JO-AjAnu)16176: أبو أسعد،أحمد عبد اللطيف, author 31504, العملية الإرشادية =Consulting Process